LEADER 03008nam 2200625 450 001 9910460663603321 005 20200520144314.0 010 $a0-8173-8772-2 035 $a(CKB)3710000000439937 035 $a(EBL)2076397 035 $a(SSID)ssj0001516774 035 $a(PQKBManifestationID)11851023 035 $a(PQKBTitleCode)TC0001516774 035 $a(PQKBWorkID)11499528 035 $a(PQKB)11580669 035 $a(MiAaPQ)EBC2076397 035 $a(OCoLC)911665863 035 $a(MdBmJHUP)muse42231 035 $a(Au-PeEL)EBL2076397 035 $a(CaPaEBR)ebr11069823 035 $a(EXLCZ)993710000000439937 100 $a20141208h20152015 uy| 0 101 0 $aeng 135 $aur|||||||nn|n 181 $ctxt 182 $cc 183 $acr 200 10$aCenter places and Cherokee towns $earchaeological perspectives on Native American architecture and landscape in the Southern Appalachians /$fChristopher B. Rodning 210 1$aTuscaloosa, AL :$cThe University of Alabama Press,$d[2015] 210 4$dİ2015 215 $a1 online resource (276 p.) 300 $aDescription based upon print version of record. 311 $a0-8173-1841-0 320 $aIncludes bibliographical references and index. 327 $aContents; List of Illustrations; Acknowledgments; 1. The Middle Cherokee Town at Coweeta Creek; 2. Mounds, Townhouses, and Cherokee Towns; 3. Public Architecture; 4. Domestic Architecture; 5. Hearths; 6. Burials; 7. Abandonment of the Coweeta Creek Site; 8. Center Places in the Cherokee Landscape; References Cited; Index 330 $aIn Center Places and Cherokee Towns, Christopher B. Rodning opens a panoramic vista onto protohistoric Cherokee culture. He posits that Cherokee households and towns were anchored within their cultural and natural landscapes by built features that acted as "center places."Rodning investigates the period from just before the first Spanish contact with sixteenth-century Native American chiefdoms in La Florida through the development of formal trade relations between Native American societies and English and French colonial provinces in the American South during the late 1600's and 1700's. Rodning 606 $aCherokee Indians$zAppalachian Region, Southern$xAntiquities 606 $aCherokee Indians$xHistory 606 $aExtinct cities$zAppalachian Region, Southern 606 $aIndians of North America$zAppalachian Region, Southern$xAntiquities 607 $aAppalachian Region, Southern$xAntiquities 608 $aElectronic books. 615 0$aCherokee Indians$xAntiquities. 615 0$aCherokee Indians$xHistory. 615 0$aExtinct cities 615 0$aIndians of North America$xAntiquities. 676 $a975.004/97557 700 $aRodning$b Christopher Bernard$01035395 801 0$bMiAaPQ 801 1$bMiAaPQ 801 2$bMiAaPQ 906 $aBOOK 912 $a9910460663603321 996 $aCenter places and Cherokee towns$92455091 997 $aUNINA LEADER 03453nam 2200625 a 450 001 9910139562803321 005 20230802004223.0 010 $a1-283-33208-6 010 $a9786613332080 010 $a1-118-06719-3 010 $a1-118-06720-7 035 $a(CKB)2550000000063824 035 $a(EBL)697510 035 $a(OCoLC)764337551 035 $a(SSID)ssj0000554484 035 $a(PQKBManifestationID)12204633 035 $a(PQKBTitleCode)TC0000554484 035 $a(PQKBWorkID)10512753 035 $a(PQKB)11188586 035 $a(MiAaPQ)EBC697510 035 $a(EXLCZ)992550000000063824 100 $a20110127d2012 uy 0 101 0 $aeng 135 $aur|n|---||||| 181 $ctxt 182 $cc 183 $acr 200 00$aChemical analysis of antibiotic residues in food$b[electronic resource] /$fedited by Jian Wang, James D. MacNeil, Jack F. Kay 210 $aHoboken, N.J. $cWiley & Sons$d2012 215 $a1 online resource (377 p.) 225 1 $aWiley series in mass spectrometry 300 $aDescription based upon print version of record. 311 $a1-118-06718-5 311 $a0-470-49042-X 320 $aIncludes bibliographical references and index. 327 $aAntibiotics : groups and properties / Philip T. Reeves -- Pharmacokinetics, distribution, bioavailability, and relationship to antibiotic residues / Peter Lees and Pierre-Louis Toutain -- Antibiotic residues in food, drinking water, and food safety regulations / Kevin J. Greenlees, Lynn G. Friedlander, and Alistair Boxall -- Sample preparation : extraction and clean-up / Alida A.M. (Linda) Stolker and Martin Danaher -- Bioanalytical screening methods / Sara Stead and Jacques Stark -- Chemical analysis : quantitative and confirmatory methods / Jian Wang and Sherri B. Turnipseed -- Single residue quantitative and confirmatory methods / Jonathan Tarbin ... [et al.] -- Method development and method validation / Jack F. Kay and James D. MacNeil -- Measurement uncertainty / Jian Wang ... [et al.] -- Quality assurance and quality control / Andrew Cannavan, Jack Kay, and Bruno Le Bizec. 330 $aAn insightful exploration of the key aspects concerning the chemical analysis of antibiotic residues in food The presence of excess residues from frequent antibiotic use in animals is not only illegal, but can pose serious health risks by contaminating products for human consumption such as meat and milk. Chemical Analysis of Antibiotic Residues in Food is a single-source reference for readers interested in the development of analytical methods for analyzing antibiotic residues in food. It covers themes that include quality assurance and quality control, antibiotic chemical pro 410 0$aWiley-Interscience series on mass spectrometry. 606 $aVeterinary drug residues$xAnalysis 606 $aAntibiotic residues$xAnalysis 606 $aFood of animal origin$xSafety measures 615 0$aVeterinary drug residues$xAnalysis. 615 0$aAntibiotic residues$xAnalysis. 615 0$aFood of animal origin$xSafety measures. 676 $a615.9/54 701 $aWang$b Jian$f1969-$0799764 701 $aMacNeil$b James D$0906693 701 $aKay$b Jack F$0906694 801 0$bMiAaPQ 801 1$bMiAaPQ 801 2$bMiAaPQ 906 $aBOOK 912 $a9910139562803321 996 $aChemical analysis of antibiotic residues in food$92027842 997 $aUNINA LEADER 03222oam 2200565I 450 001 9910154870503321 005 20240505160051.0 010 $a1-315-60478-7 010 $a1-317-06799-1 010 $a1-317-06798-3 024 7 $a10.4324/9781315604787 035 $a(CKB)4340000000019299 035 $a(MiAaPQ)EBC4756187 035 $a(OCoLC)967742650 035 $a(BIP)56234874 035 $a(BIP)54331432 035 $a(EXLCZ)994340000000019299 100 $a20180706d2017 uy 0 101 0 $aeng 135 $aurcnu|||||||| 181 $2rdacontent 182 $2rdamedia 183 $2rdacarrier 200 00$aMateriality and the study of religion $ethe stuff of the sacred /$fedited by Tim Hutchings and Joanne McKenzie 205 $a1st ed. 210 1$aNew York :$cRoutledge,$d2017. 215 $a1 online resource (256 pages) $cillustrations, photographs 225 0 $aTheology and Religion in Interdisciplinary Perspective Series in Association with the BSA Sociology of Religion Study Group 311 08$a1-4724-7783-9 320 $aIncludes bibliographical references at the end of each chapters and index. 327 $apt. 1. Production -- pt. 2. Classification -- pt. 3. Circulation. 330 $aMaterial culture has emerged in recent decades as a significant theoretical concern for the study of religion. This book contributes to and evaluates this material turn, presenting thirteen chapters of new empirical research and theoretical reflection from some of the leading international scholars of material religion. Following a model for material analysis proposed in the first chapter by David Morgan, the contributors trace the life cycle of religious materiality through three phases: the production of religious objects, their classification as religious (or non-religious), and their circulation and use in material culture. The chapters in this volume consider how objects become and cease to be sacred, how materiality can be used to contest access to public space and resources, and how religion is embodied and performed by individuals in their everyday lives. Contributors discuss the significance of the materiality of religion across different religious traditions and diverse geographical regions, paying close attention to gender, age, ethnicity, memory and politics. The volume closes with an afterword by Manuel Va?squez. 410 0$aTheology and religion in interdisciplinary perspective.$pTheology and religion in interdisciplinary perspective series in association with the BSA Sociology of Religion Study Group. 606 $aReligious articles 606 $aReligion and culture 606 $aMaterial culture$xReligious aspects 606 $aMaterialism$xReligious aspects 615 0$aReligious articles. 615 0$aReligion and culture. 615 0$aMaterial culture$xReligious aspects. 615 0$aMaterialism$xReligious aspects. 676 $a203 701 $aHutchings$b Tim$c(Sociologist of digital religion)$0886586 801 0$bMiAaPQ 801 1$bMiAaPQ 801 2$bMiAaPQ 906 $aBOOK 912 $a9910154870503321 996 $aMateriality and the study of religion$91979834 997 $aUNINA